| 000 | 01095nam a2200301Ia 4500 | ||
|---|---|---|---|
| 001 | Para_8830 | ||
| 003 | CHAP | ||
| 008 | 220125s2003 xx 000 0 und d | ||
| 010 | _a207593 | ||
| 040 | _cCHAP | ||
| 090 | _aPA TESIS 1793 | ||
| 100 |
_aCarmona Montalvo, Alejandra _919036 |
||
| 245 |
_aEfectividad de cinco fungicidas con diferente mecanismo de acción para el control del mildiú del rosal Peronospora sparsa Berk en Santa María, Villa Guerrero, Edo. de México / _c por Alejandra Carmona Montalvo |
||
| 260 |
_aChapingo, Méx. : _b el autor |
||
| 300 | _a45 h. | ||
| 502 | _aTesis (Ing. Agr. Esp. en Parasitología Agrícola) -- UACh. Departamento Parasitología Agrícola | ||
| 650 |
_aFungicidas _x análisis _944045 |
||
| 650 |
_aPeronospora sparsa _9174143 |
||
| 650 |
_aRosas _x enfermedades _999967 |
||
| 710 |
_aUACh. Departamento Parasitología Agrícola _9164025 |
||
| 901 | _aPA TESIS 1793 | ||
| 902 | _aA | ||
| 905 | _a0000002003 in 0000000000 00 | ||
| 910 | _a2003 | ||
| 942 | _cPARA | ||
| 942 |
_cPARA _d1 |
||
| 999 |
_c207593 _d207593 |
||